00595 2200205 4500001002100000005001500021035002000036007000300056008004100059020002200100082001100122084001700133100002100150245009300171260003400264300004200298650001700340990001600357990001600373INLIS00000000000034820240206024414 a0010-0224000022ta240206 g 0 ind  a978-979-1415-92-7 a631.17 a631.17 ANA s0 aAnang Firmansyah1 aKisah Sukses Merintis Pengembangan Bawang Merah di Kalimantan Tengah /cAnang Firmansyah aJakarta :bIAARD Press,c2014 axv, 58 hlm, :bilus, ;c15 cm x 21 cm 4aBawang Merah a00000000387 a00000000388